[Event "Prague Holiday K22"]
[Site "Prague"]
[Date "2017.07.25"]
[Round "5"]
[White "Hammerman, Christian"]
[Black "Reichmann, Steffen"]
[Result "0-1"]
[WhiteElo "1836"]
[BlackElo "1968"]
[PlyCount "82"]
[EventDate "2017.07.23"]
[EventType "tourn"]
[EventRounds "9"]
[EventCountry "CZE"]
[SourceTitle "EXT 2023"]
[Source "ChessBase"]
[SourceDate "2022.10.05"]
[SourceVersion "1"]
[SourceVersionDate "2022.10.05"]
[SourceQuality "1"]

1. e4 c6 2. d4 d6 3. f4 g6 4. Nf3 Bg7 5. Bc4 Nf6 6. Nc3 0-0 7. 0-0 Nxe4 8. Nxe4 d5 9. Nf6+ Bxf6 10. Bd3 Bg4 11. c3 Qb6 12. Qe1 Bxf3 13. Rxf3 c5 14. dxc5 Qxc5+ 15. Kh1 Nc6 16. f5 Ne5 17. Rh3 Nxd3 18. Rxd3 d4 19. Bh6 Rfd8 20. fxg6 hxg6 21. cxd4 Qb5 22. Rb3 Qd5 23. Be3 Rac8 24. Qe2 Qe4 25. Qd3 Qxd3 26. Rxd3 Rc2 27. Rb1 e5 28. d5 e4 29. Rdd1 b6 30. Bc1 Be5 31. Bg5 f6 32. Bc1 Kf7 33. a3 Bd6 34. Re1 f5 35. b4 Be5 36. Rd1 f4 37. Kg1 e3 38. h3 e2 39. Re1 Bd4+ 40. Kh2 g5 41. h4 Bf2 0-1

[Event "Prague Holiday K31"]
[Site "Prague"]
[Date "2015.08.02"]
[Round "1"]
[White "Reichmann, Steffen"]
[Black "Cisarik, Pavol"]
[Result "1-0"]
[WhiteElo "1970"]
[BlackElo "1729"]
[PlyCount "47"]
[EventDate "2015.08.02"]
[EventType "tourn"]
[EventRounds "9"]
[EventCountry "CZE"]
[SourceTitle "EXT 2017"]
[Source "ChessBase"]
[SourceDate "2016.10.25"]
[SourceVersion "1"]
[SourceVersionDate "2016.10.25"]
[SourceQuality "1"]

1. e4 e5 2. d4 exd4 3. Qxd4 Nc6 4. Qe3 b6 5. Nc3 Bc5 6. Qg3 Bd4 7. Nd5 Nge7 8. Nxc7+ Kf8 9. Nxa8 Bb7 10. c3 Be5 11. Bf4 Bxf4 12. Qxf4 Bxa8 13. Bc4 Qe8 14. 0-0-0 g6 15. Nf3 Kg7 16. h4 h5 17. Rd6 f5 18. Rhd1 Rf8 19. Rxd7 fxe4 20. Qxe4 Kh8 21. Qe3 Nf5 22. Qxe8 Rxe8 23. Ng5 Nce7 24. Rd8 1-0

[Event "Prague Holiday K21"]
[Site "Prague"]
[Date "2014.07.29"]
[Round "5"]
[White "Schoenmakers, Nico"]
[Black "Reichmann, Steffen"]
[Result "0-1"]
[WhiteElo "1885"]
[BlackElo "1966"]
[PlyCount "82"]
[EventDate "2014.07.27"]
[EventType "tourn"]
[EventRounds "9"]
[EventCountry "CZE"]
[SourceTitle "EXT 2023"]
[Source "ChessBase"]
[SourceDate "2022.10.05"]
[SourceVersion "1"]
[SourceVersionDate "2022.10.05"]
[SourceQuality "1"]

1. e4 d6 2. f4 Nf6 3. Nc3 g6 4. d4 Bg7 5. Nf3 0-0 6. Be2 c5 7. d5 a6 8. a4 Bg4 9. h3 Bxf3 10. Bxf3 Ne8 11. 0-0 Nd7 12. a5 b5 13. axb6 Qxb6 14. Qe2 Nc7 15. Kh1 e6 16. dxe6 fxe6 17. f5 exf5 18. exf5 Rae8 19. Qc4+ Kh8 20. Bf4 Rxf5 21. Bg4 Ne5 22. Bxe5 Rfxe5 23. Rf7 d5 24. Qa4 Qd6 25. Ne2 h5 26. Bf3 Rxe2 27. Bxe2 Rxe2 28. Rd7 Qg3 29. Rg1 Re1 30. Rxg7 Rxg1+ 31. Kxg1 Qe1+ 32. Kh2 Qe5+ 33. Kh1 Qxg7 34. Qc6 c4 35. c3 Kh7 36. Kg1 Qf7 37. Kh1 Ne8 38. Qxa6 Nf6 39. Qb6 Ne4 40. Kg1 Qe7 41. Qe3 Qc5 0-1

[Event "Prague Holiday M11"]
[Site "Prague"]
[Date "2013.07.15"]
[Round "3"]
[White "Koper, Stefan"]
[Black "Reichmann, Steffen"]
[Result "1-0"]
[WhiteElo "1984"]
[BlackElo "1988"]
[PlyCount "69"]
[EventDate "2013.07.14"]
[EventType "tourn"]
[EventRounds "9"]
[EventCountry "CZE"]
[SourceTitle "EXT 2023"]
[Source "ChessBase"]
[SourceDate "2022.10.05"]
[SourceVersion "1"]
[SourceVersionDate "2022.10.05"]
[SourceQuality "1"]

1. d4 Nf6 2. c4 e5 3. d5 Bc5 4. e3 d6 5. Nc3 Bf5 6. Nge2 0-0 7. Ng3 Bg6 8. Be2 a5 9. h4 h6 10. Bd3 Na6 11. a3 Bb6 12. h5 Bxd3 13. Qxd3 Qd7 14. Qf5 Qxf5 15. Nxf5 Nc5 16. Ke2 e4 17. Rb1 a4 18. Bd2 Rfe8 19. Nb5 Ng4 20. Bc3 Ne5 21. Bxe5 Rxe5 22. Ng3 Nb3 23. Rh4 Nc5 24. Nd4 Rae8 25. Ngf5 Nd3 26. f4 exf3+ 27. Kxd3 Bxd4 28. Nxd4 Rxe3+ 29. Kd2 f2 30. Rf1 c5 31. dxc6 bxc6 32. Rxf2 c5 33. Nf5 Rb3 34. Kc2 Reb8 35. Kc1 1-0

[Event "Prague Holiday M11"]
[Site "Prague"]
[Date "2012.07.15"]
[Round "1"]
[White "Reichmann, Steffen"]
[Black "Gregor, Jiri"]
[Result "0-1"]
[WhiteElo "1995"]
[BlackElo "2281"]
[PlyCount "60"]
[EventDate "2012.07.15"]
[EventType "tourn"]
[EventRounds "9"]
[EventCountry "CZE"]
[SourceTitle "EXT 2023"]
[Source "ChessBase"]
[SourceDate "2022.10.05"]
[SourceVersion "1"]
[SourceVersionDate "2022.10.05"]
[SourceQuality "1"]

1. e4 c6 2. d4 d5 3. f3 dxe4 4. fxe4 e5 5. Nf3 Bg4 6. Bc4 Nd7 7. 0-0 Ngf6 8. c3 Bd6 9. Qb3 Qe7 10. Qxb7 0-0 11. Bg5 Rab8 12. Qxa7 exd4 13. cxd4 Qxe4 14. Nbd2 Qg6 15. b3 Nd5 16. Bxd5 cxd5 17. Qa5 h6 18. Bh4 Be6 19. Qc3 Rbc8 20. Qe3 Ba3 21. Ne5 Nxe5 22. Qxe5 Rc2 23. Rf2 Rfc8 24. Bg3 Qd3 25. Nf1 Bb2 26. Re1 Bxd4 27. Qf4 Bxf2+ 28. Bxf2 Rxa2 29. Bd4 Rcc2 30. Be3 Rd2 0-1